000 00727nam a22002177a 4500
003 UA-OsUOA
001 110102
007 ta
008 20150217b un ||||| |||| 00| 0 ukr d
100 _aФудерер Т.
090 _a82
_bФ94
942 _cSA
040 _aUA-OsUOA
_bukr
_cUA-OsUOA
_dUA-OsUOA
245 _aУ дзеркалі мови: соціальні характеристики носія суржику (на матеріалі сучасної української прози)
300 _aС.71-76
955 _a0
041 _aukr
080 _a82
773 0 _w110094
_tМандрівець
_dТернопіль
_d2014
_g6
650 7 _a82 Література. Літературознавство
_2UDC
999 _c396133
_d396133